Aspects of moisture and soil conservation in rubber plantations (Record no. 54509)

MARC details
000 -LEADER
fixed length control field 00524nam a2200133Ia 4500
100 ## - MAIN ENTRY--AUTHOR NAME
Personal name Samarappuli L
245 #0 - TITLE STATEMENT
Title Aspects of moisture and soil conservation in rubber plantations
260 ## - PUBLICATION, DISTRIBUTION, ETC. (IMPRINT)
Name of publisher Proceedings of the International Rubber Conference, Colombo, 1984, V1. Part 1; p19-46Proceedings of the International Rubber Conference, Colombo, 1984, V1. Part 2; p529-543
650 ## - SUBJECT ADDED ENTRY--TOPICAL TERM
Topical Term Rubber plantations
650 ## - SUBJECT ADDED ENTRY--TOPICAL TERM
Topical Term Soil conservation
700 ## - ADDED ENTRY--PERSONAL NAME
Personal name Yogaratnam N
942 ## - ADDED ENTRY ELEMENTS (KOHA)
Koha item type Journals
Holdings
Withdrawn status Lost status Damaged status Not for loan Home library Current library Shelving location Date acquired Koha item type
      Journals RRII Library RRII Library Soils and agonomy 17/12/2021 Journals